000 01482nam0a2200397 4500
001 RU\NLR\bibl\540197
005 20250609153530.0
010 _a5-9550-0270-7
_95000
021 _aRU
_b2004-14317
_9738
035 _aRSL-KNO-002413632
035 _a(NLR Aleph) 000532445
090 _a1361717
_c1361717
100 _a20040325d2003 |||y0rusy50 ca
101 1 _arus
_ceng
102 _aRU
_aUA
105 _ay |||||||||
106 _ar
200 1 _a100 простых секретов семейного счастья
_d100 simple secrets of great recationships
_fДэвид Найвен
_g[Пер. с англ. В. Ковальчук]
_zeng
210 _aМ.
_aКиев
_cСофия
_d2003
_eГУП ИПК Ульян. Дом печати
215 _a319 с.
_d17
300 _aАвт. также на англ. яз.: David Niven
320 _aБиблиогр.: с. 310-319
510 0 _6z11790
_a100 simple secrets of great recationships
_zeng
606 0 _aСемья и брак
_xСоциально-психологические исследования
_92075079
_3RU\NLR\auth\661250120
686 _aЮ949.246,0
_2rubbk
686 _aЮ956.99,0
_2rubbk
686 _aС550.53
700 1 _aНайвен
_bД.
_gДэвид
_4070
790 1 _6z11510
_aNiven
_bD.
_gDavid
_4070
801 0 _aRU
_bRuMoRKP
_c20040325
_gPSBO
801 1 _aRU
_bRuMoRKP
_c20040325
801 2 _aRU
_bNLR
_c20040714
_gPSBO
942 _cBOOK
980 _aNB